| 000 | 02097nam a2200361 i 4500 | ||
|---|---|---|---|
| 999 |
_c65095 _d65095 |
||
| 001 | 768714001 | ||
| 003 | CO-MdFUSB | ||
| 005 | 20190705163032.0 | ||
| 008 | 190702t2013 pe admo| |||| 00| 0 spa d | ||
| 020 | _a9786120013113 | ||
| 040 |
_aCO-MdFUSB _bspa _cCO-MdFUSB _dCO-MdFUSBC _erda |
||
| 041 | _aspa | ||
| 082 |
_223 _a266 _bC762 |
||
| 100 | _aConti, Christina | ||
| 245 | 1 |
_aVamos : _bmanual interactivo para misioneros _c: Dirigido por: Christina Conti , Sandra Chiang Gomero y Yelen Rodriguez Chávez. |
|
| 264 | 1 |
_aPerú : _bSociedad Internacional Misionera, _c[2013] |
|
| 264 | 4 | _c© 2013 | |
| 300 |
_a259 páginas _c; 30 cm : _eIncluye formato digital ; _fDvd. |
||
| 336 |
_2rdacontent _atexto _btxt |
||
| 337 |
_2rdamedia _asin mediación _bn |
||
| 338 |
_2rdacarrier _avolumen _bnc |
||
| 500 | _aTu mejor opción de preparación misionera sin salir de casa... para salir al mundo. | ||
| 505 | _aInstrucciones para el mentor. -- Manteniendo la vida espiritual. -- Carácter del misionero. -- Lo que debes saber antes de ir al campo. -- Mentoría en las misiones. -- Cómo involucrar a la iglesia en las misiones. -- Levantando un equipo de apoyo. -- Comunicación integral del misionero. -- Cuidado integral del Misionero. -- Pureza moral. -- Cuidado de la salud física. -- Salud emocional. -- Adaptación al campo. -- Aprender un idioma y cultura. -- Relaciones del misionero. -- Soltería en las misiones. -- Familia misionera. -- Trabaja en equipo. -- Guerra espiritual. -- Discipulado y formación de líderes. -- Misiones transformadoras. -- Organización y planificación misionera. -- Misiones en países de acceso restringido. -- Conociendo a SIM. | ||
| 650 | 7 |
_9933 _aMisiones _xObra educativa |
|
| 700 |
_aChiang Gomero, Sandra, _92077 _eautor |
||
| 700 |
_92078 _aRodríguez Chávez, Yelen, _eautor |
||
| 773 | 0 |
_065096 _977634 _aConti, Christina _o8856 _tVamos : _w(CO-MdFUSB)768714001 |
|
| 856 | _uhttps://misionessim.org/cursovamos | ||
| 942 | _cBK | ||
| 945 | _aJTF-925 | ||